书目信息 |
| 题名: |
北方果树害虫及其防治
|
|
| 作者: | 黄可训 , 胡敦孝 编著 | |
| 分册: | ||
| 出版信息: | 天津 天津人民出版社 1979 |
|
| 页数: | 435页 | |
| 开本: | 19cm | |
| 丛书名: | ||
| 单 册: | ||
| 中图分类: | S436.6 | |
| 科图分类: | ||
| 主题词: | 果树害虫--防治 | |
| 电子资源: | ||
| ISBN: | ||
| 000 | 00672nam0 2200241 45 | |
| 001 | 0179004301 | |
| 005 | 20060816104136.17 | |
| 010 | @dCNY0.96 | |
| 091 | @a16072.10 | |
| 100 | @a19950802d1979 em y0chiy0121 ea | |
| 101 | 0 | @achi |
| 102 | @aCN@b120000 | |
| 105 | @af z 000yy | |
| 200 | 10 | @a北方果树害虫及其防治@Abei fang guo shu hai chong ji qi fang zhi@f黄可训,胡敦孝编著 |
| 210 | @a天津@c天津人民出版社@d1979 | |
| 215 | @a435页@c插图@d19cm | |
| 606 | @a果树害虫@x防治 | |
| 610 | 0 | @a果树@a害虫 |
| 690 | @aS436.6@v3 | |
| 701 | 0 | @a黄可训@Ahuang ke xun@4编著 |
| 701 | 0 | @a胡敦孝@Ahu dun xiao@4编著 |
| 801 | 0 | @aCN@bTSSF@c20060816 |
| 905 | @a10447@dS436.6@e47 | |
| 北方果树害虫及其防治/黄可训,胡敦孝编著.-天津:天津人民出版社,1979 |
| 435页:插图;19cm |
| ISBN :CNY0.96 |
| ● |
| 相关链接 |
|
|
|
|
正题名:北方果树害虫及其防治
索取号:S436.6/47
 
预约/预借
| 序号 | 登录号 | 条形码 | 馆藏地/架位号 | 状态 | 备注 |
| 1 | 0458660 | 204586607 | 密集书库/ [索取号:S436.6/47] | 在馆 |